000 00300nam a2200109Ia 4500
008 171211s9999 xx 000 0 und d
245 _aAbsolute Music: The History of an Idea
245 _cMark Evan Bonds
260 _c2014
650 _xmusic
856 _uhttp://down.ebook777.com/061/0199343632.pdf
999 _c348663
_d348663